[Event "CZE-ch U12 2020"]
[Site "Kouty nad Desnou"]
[Date "2020.03.07"]
[Round "1.1"]
[White "Tichy, Tomas"]
[Black "Nemec, Jachym"]
[Result "0-1"]
[WhiteElo "1810"]
[BlackElo "2108"]
[Annotator "TA"]
[PlyCount "56"]
[EventDate "2020.03.07"]
[EventCountry "CZE"]
[SourceTitle "playchess.com"]
[Source "ChessBase"]
[SourceQuality "1"]

{[%evp 9,56,-28,-9,-32,-25,-47,-3,0,14,14,10,-226,-130,-337,-321,-319,-298,-289,-246,-249,-187,-184,-187,-178,-137,-137,-112,-150,-137,-268,-269,-253,-260,-285,-295,-313,-324,-329,-325,-479,-460,-807,-806,-806,-806,-1126,-1115,-29991,-29992]} 1. e4 c5 2. b4 cxb4 3. a3 d5 4. exd5 Qxd5 5. Nf3 e5 {Black wants to play ...e4.} 6. c4 {B20: Sicilian: Unusual White 2nd moves.} Qe6 7. Bd3 Nc6 {Threatens to win with ...e4.} 8. O-O {The position is equal.} Bc5 9. Re1 Nge7 {[#]} 10. Ng5 $146 {[#]} (10. axb4 $11 {and White is okay.} Nxb4 11. Bf1) ({Predecessor:} 10. axb4 Bxb4 11. Bb2 f6 12. Nc3 Bxc3 13. Bxc3 O-O 14. Bc2 Qd6 15. d4 exd4 16. Nxd4 Nxd4 17. Bxd4 {½-½ (67) Bortnyk,M (2114)-Shagbazyan,T (2190) Nikolaev 2009}) 10... Qh6 (10... Qd7 $1 $19 {[%cal Rd7d3]} 11. axb4 {[#]} Bxf2+ $1 {[%mdl 512]} 12. Kxf2 Qxd3) 11. Ne4 $2 (11. Nf3 $17) 11... Bd4 $19 12. Ra2 f5 13. Ng3 Qd6 14. Be2 Qc5 15. Rf1 Be6 16. d3 Rd8 {[%cal Ba8d8,Bd8d7,Bd7e7][%mdl 32]} 17. Nd2 a5 18. Nb3 Qb6 19. a4 (19. Nxd4 $17 Nxd4 20. axb4) 19... O-O 20. Bg5 Rd7 21. Bxe7 Rxe7 22. Qc2 Bc3 23. Rd1 Nd4 24. Nxd4 (24. Qb1 {was forced.}) 24... Bxd4 (24... exd4 $2 25. Qb3 $19) 25. Qb3 (25. Qc1 $142) 25... Bxf2+ 26. Kh1 Bxg3 27. hxg3 {[#]} Qe3 $1 {( -> ...Rf6)} 28. Bf3 Rf6 {Accuracy: White = 44%, Black = 66%.} 0-1

[Event "CZE-ch U12 2020"]
[Site "Kouty nad Desnou"]
[Date "2020.03.07"]
[Round "1.2"]
[White "Brozka, Karel"]
[Black "Nguyen, Thai Dang Vi"]
[Result "1-0"]
[WhiteElo "2013"]
[BlackElo "1510"]
[Annotator "TA"]
[PlyCount "79"]
[EventDate "2020.03.07"]
[EventCountry "CZE"]
[SourceTitle "playchess.com"]
[Source "ChessBase"]
[SourceQuality "1"]

{[%evp 11,79,2,18,20,20,17,58,68,133,133,133,21,35,13,16,17,21,19,26,14,19,9,25,0,24,29,32,18,20,21,31,6,33,41,37,33,45,45,56,57,50,27,32,11,68,50,41,48,75,60,68,67,60,31,37,33,34,6,8,0,0,0,0,-6,0,0,0,0,39,8]} 1. d4 d5 2. Nf3 Nf6 3. c4 e6 4. Nc3 Be7 5. Bg5 h6 6. Bh4 Ne4 7. Bxe7 {D53: Queen's Gambit Declined: 4 Bg5 Be7: Early deviations.} Qxe7 8. e3 Qb4 9. Qc2 {[#]} c5 $146 (9... Nxc3 $14 10. bxc3 Qd6) ({Predecessor:} 9... Nxc3 10. bxc3 Qe7 11. Bd3 O-O 12. O-O f5 13. Ne5 Rf6 14. cxd5 exd5 15. c4 c6 16. cxd5 {1-0 (41) Blahus,M (2023)-Rac,V (1919) Slovakia 2007}) 10. a3 Qa5 {[#]} 11. Bd3 (11. dxc5 $1 $16 Nc6 12. cxd5 exd5 13. Bb5 Nxc3 14. Bxc6+ bxc6 15. b4 (15. Qxc3 Qxc3+ 16. bxc3 Rb8 $16) (15. bxc3 Ba6 $11)) 11... Nxc3 $11 12. Qxc3 (12. bxc3 {feels hotter.} cxd4 13. exd4 dxc4 14. Bxc4 Nd7 15. O-O) 12... Qxc3+ 13. bxc3 cxd4 14. cxd4 dxc4 15. Bxc4 Nc6 16. O-O O-O 17. Rab1 Rb8 18. Rfc1 Bd7 19. Bb5 Rfc8 20. Nd2 a6 21. Bd3 Nd8 22. Ne4 Rxc1+ 23. Rxc1 Rc8 24. Nc5 Bc6 25. f3 Kf8 26. Kf2 Ke7 27. e4 a5 (27... Bb5 $11) 28. Nb3 b6 29. Ke3 Bb7 30. Rxc8 Bxc8 $16 {[%mdl 4096] Endgame KBN-KBN} 31. Nd2 Kd6 32. Bb5 Kc7 33. Nc4 Bb7 34. Ne5 f6 35. Ng6 Bc6 36. Bc4 b5 37. Bb3 Kd6 38. Nf4 g5 39. Nh5 f5 40. Kd3 {[%mdl 32768] Accuracy: White = 83%, Black = 77%. . Sensor Board Error (Ke4/e5)?} 1-0

[Event "CZE-ch U12 2020"]
[Site "Kouty nad Desnou"]
[Date "2020.03.07"]
[Round "1.3"]
[White "Buchta, Bartolomej"]
[Black "Fizer, Marek"]
[Result "0-1"]
[WhiteElo "1508"]
[BlackElo "1907"]
[Annotator "TA"]
[PlyCount "70"]
[EventDate "2020.03.07"]
[EventCountry "CZE"]
[SourceTitle "playchess.com"]
[Source "ChessBase"]
[SourceQuality "1"]

{[%evp 14,70,6,0,6,0,0,0,0,-8,0,-47,-15,0,39,-9,6,21,70,-42,-41,-54,21,-33,-2,-49,-43,-79,-3,0,-11,-10,-18,-23,-12,-75,0,0,0,0,0,0,11,-116,-122,-128,-107,-136,-141,-680,-661,-675,-660,-694,-582,-1268,-1253,-1462,-1386]} 1. e4 c6 2. d4 d5 3. Nc3 dxe4 4. Nxe4 Nf6 5. Nxf6+ exf6 6. Nf3 Bd6 7. Be3 O-O 8. Bd3 Re8 {B15: Caro-Kann: 3 Nc3: 3...g6 and 3...dxe4 4 Nxe4 Nf6 5 Nxf6+ exf6.} 9. c3 Nd7 10. Qc2 Nf8 {The position is equal.} 11. O-O-O Be6 {[#]} 12. c4 $146 ({Predecessor:} 12. Kb1 b5 13. Nd2 a5 14. Ne4 a4 15. c4 bxc4 16. Nxd6 cxd3 17. Qxc6 Re7 18. Nb7 {1-0 (77) Srvatka,I (2226)-Sedlacek,P (2233) Slovakia 2011}) 12... Qa5 13. Kb1 b5 14. Nd2 (14. d5 $5 cxd5 15. cxd5 $14) 14... Rab8 15. Nb3 Qa6 {[%cal Rb5c4]} 16. c5 (16. d5 $1 $14 cxd5 17. cxb5) 16... Bc7 $15 17. Be4 Qb7 {[#]} (17... Rbd8 $15) 18. h3 (18. d5 $1 $11 {[%mdl 512]} cxd5 19. c6) 18... a5 19. g4 (19. d5 $5 Bxd5 20. Bxd5 $14) 19... b4 {Hoping for ...a4.} 20. d5 Bxd5 (20... cxd5 $17 21. c6 Qa8) 21. Bxd5 $11 cxd5 22. c6 Qb5 23. Nd4 Qc4 24. Nf5 (24. Rd2 $11 {keeps the balance.}) 24... b3 (24... g6 $17 25. Nd4 Ne6) 25. axb3 Rxb3 26. Qxc4 dxc4 27. Rc1 Reb8 28. Bd4 (28. Rc2 $11) 28... Ne6 $36 {[%mdl 2048] White is under strong pressure.} 29. Bc3 a4 {[%cal Ba5a4,Ba4a3][%mdl 32]} 30. Rc2 a3 31. Ka2 $2 {[%mdl 8192] White does not recover from this.} (31. Ne3 $17) 31... Ra8 {( -> ...axb2+). Black is clearly winning.} 32. Kb1 axb2 33. Bxb2 Be5 34. Ne3 c3 {[%mdl 64] [#] Pin} 35. Nc4 cxb2 {Accuracy: White = 39%, Black = 71%.} 0-1

[Event "CZE-ch U12 2020"]
[Site "Kouty nad Desnou"]
[Date "2020.03.07"]
[Round "1.4"]
[White "Soucek, Jan"]
[Black "Setina, Vaclav"]
[Result "0-1"]
[WhiteElo "1872"]
[BlackElo "1507"]
[Annotator "NA RC"]
[PlyCount "100"]
[EventDate "2020.03.07"]
[EventCountry "CZE"]
[SourceTitle "playchess.com"]
[Source "ChessBase"]
[SourceQuality "1"]
[TimeControl "5400+30"]

1. e4 {[%emt 0:00:00]} c5 {[%emt 0:00:00]} 2. Nf3 {[%emt 0:00:00]} Nc6 {[%emt 0:00:00]} 3. d4 {[%emt 0:00:00]} cxd4 {[%emt 0:00:00]} 4. Nxd4 {[%emt 0:00:00]} g6 {[%emt 0:00:00]} 5. c4 {[%emt 0:00:11]} Bg7 {[%emt 0:00:15]} 6. Be3 {[%emt 0:00:07]} Nf6 {[%emt 0:00:10]} 7. Nc3 {[%emt 0:00:08]} Ng4 {[%emt 0:00:31]} 8. Qxg4 {[%emt 0:00:06]} Nxd4 {[%emt 0:00:18]} 9. Qd1 {[%emt 0:00:05]} Ne6 {[%emt 0:00:23]} 10. Qd2 {[%emt 0:00:25]} O-O {[%emt 0:01:25]} 11. Be2 {[%emt 0:00:34]} d6 {[%emt 0:00:47]} 12. O-O {[%emt 0:00:45]} b6 {[%emt 0:00:45]} 13. Rac1 {[%emt 0:00:36]} Bb7 {[%emt 0:02:27]} 14. f3 {[%emt 0:00:19]} Rc8 {[%emt 0:04:14]} 15. b3 {[%emt 0:01:56]} Qd7 {[%emt 0:04:55]} 16. Kh1 {[%emt 0:29:32]} Rfd8 {[%emt 0:10:44]} 17. Nd5 {[%emt 0:39:26]} Bxd5 {[%emt 0:12:58]} 18. cxd5 {[%emt 0:04:07]} Nc5 {[%emt 0:02:15]} 19. b4 {[%emt 0:09:02]} Na4 {[%emt 0:07:04]} 20. Ba6 {[%emt 0:02:41]} Rxc1 {[%emt 0:23:22]} 21. Rxc1 {[%emt 0:01:08]} b5 {[%emt 0:00:44]} 22. Bd4 {[%emt 0:03:01]} Rb8 {[%emt 0:11:44]} 23. Rc6 {[%emt 0:04:08]} Bxd4 {[%emt 0:09:23]} 24. Qxd4 {[%emt 0:00:17]} e5 {[%emt 0:00:01]} 25. Qd3 {[%emt 0:02:00]} Kg7 {[%emt 0:07:01]} 26. Bxb5 {[%emt 0:01:45]} Qb7 {[%emt 0:00:08]} 27. Bxa4 {[%emt 0:00:29]} Qxb4 {[%emt 0:00:01]} 28. Rc1 {[%emt 0:00:37]} Qxa4 {[%emt 0:00:10]} 29. Qd2 {[%emt 0:00:21]} Qa3 {[%emt 0:00:58]} 30. h4 {[%emt 0:00:33]} Rb2 {[%emt 0:00:38]} 31. Rc2 {[%emt 0:00:07]} Rxc2 {[%emt 0:01:21]} 32. Qxc2 {[%emt 0:00:01]} Qe3 {[%emt 0:00:02]} 33. Qd1 {[%emt 0:00:24]} Qf2 {[%emt 0:00:23]} 34. a4 {[%emt 0:00:40]} Qxh4+ 35. Kg1 Qd8 {[%emt 0:00:56]} 36. Qc2 {[%emt 0:01:13]} Qa5 {[%emt 0:00:31]} 37. Qc6 {[%emt 0:00:51]} Qb6+ {[%emt 0:01:14]} 38. Kh2 {[%emt 0:00:23]} Kf8 {[%emt 0:00:39]} 39. Kg3 {[%emt 0:00:55]} Qxc6 {[%emt 0:00:16]} 40. dxc6 {[%emt 0:00:01]} Ke8 {[%emt 0:00:01]} 41. Kg4 {[%emt 0:00:26]} f6 {[%emt 0:00:18]} 42. f4 {[%emt 0:00:10]} Kd8 {[%emt 0:00:06]} 43. fxe5 {[%emt 0:00:21]} dxe5 {[%emt 0:00:01]} 44. Kf3 {[%emt 0:00:11]} Kc7 {[%emt 0:00:03]} 45. Ke3 {[%emt 0:00:06]} Kxc6 {[%emt 0:00:13]} 46. Kd3 {[%emt 0:00:04]} Kc5 {[%emt 0:00:14]} 47. Kc3 {[%emt 0:00:11]} f5 {[%emt 0:00:05]} 48. exf5 {[%emt 0:00:10]} gxf5 {[%emt 0:00:01]} 49. g3 {[%emt 0:00:55]} h5 {[%emt 0:00:16]} 50. Kd3 {[%emt 0:00:14]} Kb4 {[%emt 0:00:10]} 0-1

[Event "CZE-ch U12 2020"]
[Site "Kouty nad Desnou"]
[Date "2020.03.07"]
[Round "1.5"]
[White "Kubin, Tomas Daniel"]
[Black "Day, Tobias"]
[Result "1-0"]
[WhiteElo "1484"]
[BlackElo "1837"]
[Annotator "NA RC"]
[PlyCount "45"]
[EventDate "2020.03.07"]
[EventCountry "CZE"]
[SourceTitle "playchess.com"]
[Source "ChessBase"]
[SourceQuality "1"]
[TimeControl "5400+30"]

1. e4 {[%emt 0:00:00]} c5 {[%emt 0:00:00]} 2. Nf3 {[%emt 0:00:00]} d6 {[%emt 0:00:00]} 3. d4 {[%emt 0:00:00]} cxd4 {[%emt 0:00:00]} 4. Nxd4 {[%emt 0:00:21]} Nf6 {[%emt 0:00:13]} 5. Nc3 {[%emt 0:00:40]} g6 {[%emt 0:00:11]} 6. Be3 {[%emt 0:00:44]} Bg7 {[%emt 0:00:15]} 7. f3 {[%emt 0:00:09]} O-O {[%emt 0:00:11]} 8. Qd2 {[%emt 0:00:22]} Nc6 {[%emt 0:00:09]} 9. O-O-O {[%emt 0:00:22]} d5 {[%emt 0:00:31]} 10. Nxc6 {[%emt 0:03:37]} bxc6 {[%emt 0:00:08]} 11. exd5 {[%emt 0:00:10]} Nxd5 {[%emt 0:01:07]} 12. Nxd5 {[%emt 0:03:24]} cxd5 {[%emt 0:00:39]} 13. Qxd5 {[%emt 0:01:02]} Qc7 {[%emt 0:00:28]} 14. Qc5 {[%emt 0:02:22]} Qb7 {[%emt 0:00:43]} 15. b3 {[%emt 0:08:14]} Be6 {[%emt 0:20:57]} 16. Qa5 {[%emt 0:17:50]} a6 {[%emt 0:06:07]} 17. Bd3 {[%emt 0:05:48]} f5 {[%emt 0:07:06]} 18. Rhe1 {[%emt 0:11:29]} Rfc8 {[%emt 0:04:50]} 19. Qb6 {[%emt 0:02:28]} Qxb6 {[%emt 0:00:53]} 20. Bxb6 {[%emt 0:00:16]} Rc6 {[%emt 0:00:23]} 21. Rxe6 {[%emt 0:01:48]} Rxe6 {[%emt 0:07:11]} 22. Bc4 {[%emt 0:00:09]} Kf7 {[%emt 0:00:50]} 23. Re1 {[%emt 0:00:45]} 1-0

[Event "CZE-ch U12 2020"]
[Site "Kouty nad Desnou"]
[Date "2020.03.07"]
[Round "1.6"]
[White "Hladky, Tadeas"]
[Black "Matusik, Ondrej"]
[Result "1-0"]
[WhiteElo "1773"]
[BlackElo "1482"]
[Annotator "NA RC"]
[PlyCount "45"]
[EventDate "2020.03.07"]
[EventCountry "CZE"]
[SourceTitle "playchess.com"]
[Source "ChessBase"]
[SourceQuality "1"]
[TimeControl "5400+30"]

1. e4 {[%emt 0:00:00]} e6 {[%emt 0:00:00]} 2. d4 {[%emt 0:00:00]} d5 {[%emt 0:00:00]} 3. Nd2 {[%emt 0:00:00]} Ne7 {[%emt 0:03:09]} 4. Ngf3 {[%emt 0:01:09]} Bd7 {[%emt 0:03:56]} 5. Bd3 {[%emt 0:01:49]} Ng6 {[%emt 0:04:04]} 6. Nb3 {[%emt 0:05:17]} Be7 {[%emt 0:10:26]} 7. Be3 {[%emt 0:03:46]} a5 {[%emt 0:04:29]} 8. O-O {[%emt 0:05:55]} a4 {[%emt 0:01:58]} 9. Nc1 {[%emt 0:01:41]} Na6 {[%emt 0:03:36]} 10. c3 {[%emt 0:01:54]} O-O {[%emt 0:07:59]} 11. Ne2 {[%emt 0:04:12]} b6 {[%emt 0:09:42]} 12. Bc2 {[%emt 0:04:48]} b5 {[%emt 0:15:38]} 13. Nf4 {[%emt 0:04:09]} Nxf4 {[%emt 0:03:41]} 14. Bxf4 {[%emt 0:00:07]} Bc6 {[%emt 0:03:29]} 15. e5 {[%emt 0:02:01]} f5 {[%emt 0:02:25]} 16. exf6 {[%emt 0:00:49]} Bxf6 {[%emt 0:00:21]} 17. Be5 {[%emt 0:00:31]} Bd7 {[%emt 0:01:39]} 18. Bxf6 {[%emt 0:04:51]} Qxf6 {[%emt 0:01:08]} 19. Ne5 {[%emt 0:00:39]} Rad8 {[%emt 0:02:27]} 20. Qd3 {[%emt 0:00:38]} Qf5 {[%emt 0:02:52]} 21. Qe2 {[%emt 0:00:34]} Qg5 {[%emt 0:04:54]} 22. Nxd7 {[%emt 0:00:15]} Rxd7 {[%emt 0:00:33]} 23. Qxe6+ {[%emt 0:00:13]} 1-0

[Event "CZE-ch U12 2020"]
[Site "Kouty nad Desnou"]
[Date "2020.03.07"]
[Round "1.7"]
[White "Tesar, Jakub"]
[Black "Prazak, Daniel"]
[Result "0-1"]
[WhiteElo "1446"]
[BlackElo "1765"]
[Annotator "NA RC"]
[PlyCount "94"]
[EventDate "2020.03.07"]
[EventCountry "CZE"]
[SourceTitle "playchess.com"]
[Source "ChessBase"]
[SourceQuality "1"]
[TimeControl "5400+30"]

1. e4 {[%emt 0:02:23]} c6 {[%emt 0:00:11]} 2. d4 {[%emt 0:00:15]} d5 {[%emt 0:00:14]} 3. e5 {[%emt 0:02:22]} c5 {[%emt 0:01:11]} 4. c3 {[%emt 0:03:28]} Nc6 {[%emt 0:01:46]} 5. Nf3 {[%emt 0:04:49]} Bg4 {[%emt 0:02:21]} 6. Be2 {[%emt 0:20:56]} e6 {[%emt 0:19:51]} 7. Nbd2 {[%emt 0:05:48]} Nge7 {[%emt 0:05:11]} 8. O-O {[%emt 0:07:46]} cxd4 {[%emt 0:01:01]} 9. Nxd4 {[%emt 0:00:29]} Bxe2 {[%emt 0:01:52]} 10. Qxe2 Ng6 11. f4 {[%emt 0:07:39]} Qb6 {[%emt 0:09:45]} 12. N2b3 {[%emt 0:02:22]} Be7 {[%emt 0:13:47]} 13. Be3 {[%emt 0:03:37]} Qc7 {[%emt 0:01:47]} 14. Nxc6 {[%emt 0:01:37]} bxc6 {[%emt 0:01:53]} 15. Nc5 {[%emt 0:06:41]} O-O {[%emt 0:10:04]} 16. Bd4 {[%emt 0:09:04]} Rfe8 {[%emt 0:07:14]} 17. Qf2 {[%emt 0:06:14]} a5 {[%emt 0:03:50]} 18. f5 {[%emt 0:04:41]} exf5 {[%emt 0:00:30]} 19. e6 {[%emt 0:03:06]} Bxc5 {[%emt 0:00:33]} 20. exf7+ {[%emt 0:00:08]} Qxf7 {[%emt 0:00:13]} 21. Bxc5 {[%emt 0:00:09]} f4 {[%emt 0:02:29]} 22. Bd6 {[%emt 0:00:32]} Re4 {[%emt 0:02:21]} 23. g3 {[%emt 0:00:32]} Rd8 {[%emt 0:02:01]} 24. Bxf4 {[%emt 0:01:21]} Nxf4 {[%emt 0:00:09]} 25. gxf4 {[%emt 0:00:10]} Rf8 {[%emt 0:01:33]} 26. Rae1 {[%emt 0:01:04]} Rxf4 {[%emt 0:00:44]} 27. Qxf4 {[%emt 0:01:46]} Qxf4 {[%emt 0:00:12]} 28. Rxf4 {[%emt 0:00:07]} Rxf4 {[%emt 0:00:02]} 29. Re8+ {[%emt 0:01:52]} Kf7 {[%emt 0:00:29]} 30. Rc8 {[%emt 0:00:19]} Rc4 {[%emt 0:00:38]} 31. Rc7+ {[%emt 0:00:11]} Kf6 {[%emt 0:02:32]} 32. Kf2 {[%emt 0:00:09]} a4 {[%emt 0:00:49]} 33. Ra7 {[%emt 0:00:55]} h6 {[%emt 0:00:53]} 34. Ke3 {[%emt 0:00:10]} g5 {[%emt 0:00:46]} 35. Kd3 {[%emt 0:00:23]} Ke6 {[%emt 0:00:48]} 36. b4 {[%emt 0:00:23]} axb3 {[%emt 0:00:11]} 37. axb3 {[%emt 0:00:14]} Rh4 {[%emt 0:00:09]} 38. Ra2 {[%emt 0:00:26]} Kf5 {[%emt 0:02:56]} 39. Rg2 {[%emt 0:01:00]} c5 {[%emt 0:00:51]} 40. Ke3 {[%emt 0:03:08]} Rh3+ {[%emt 0:00:10]} 41. Kd2 {[%emt 0:00:31]} g4 {[%emt 0:00:21]} 42. Kc2 {[%emt 0:01:00]} h5 {[%emt 0:00:15]} 43. b4 {[%emt 0:00:21]} d4 {[%emt 0:00:38]} 44. b5 {[%emt 0:01:12]} Rxc3+ {[%emt 0:00:08]} 45. Kb2 {[%emt 0:00:07]} c4 {[%emt 0:00:13]} 46. Rg3 {[%emt 0:00:47]} Rxg3 {[%emt 0:00:15]} 47. hxg3 {[%emt 0:00:08]} Ke5 {[%emt 0:00:06]} 0-1

[Event "CZE-ch U12 2020"]
[Site "Kouty nad Desnou"]
[Date "2020.03.07"]
[Round "1.8"]
[White "Zelba, Lukas"]
[Black "Babula, Matej"]
[Result "1-0"]
[WhiteElo "1727"]
[BlackElo "1353"]
[Annotator "NA RC"]
[PlyCount "63"]
[EventDate "2020.03.07"]
[EventCountry "CZE"]
[SourceTitle "playchess.com"]
[Source "ChessBase"]
[SourceQuality "1"]
[TimeControl "5400+30"]

1. d4 {[%emt 0:00:00]} d5 {[%emt 0:00:00]} 2. Bf4 {[%emt 0:00:32]} Nf6 {[%emt 0:00:04]} 3. e3 {[%emt 0:00:23]} Bf5 {[%emt 0:00:38]} 4. c4 {[%emt 0:00:12]} e6 {[%emt 0:00:08]} 5. Nc3 {[%emt 0:01:20]} Be7 {[%emt 0:03:16]} 6. Qb3 {[%emt 0:01:33]} b6 {[%emt 0:03:28]} 7. cxd5 {[%emt 0:01:53]} exd5 {[%emt 0:00:43]} 8. Bb5+ {[%emt 0:00:36]} Kf8 {[%emt 0:07:08]} 9. Be5 {[%emt 0:06:06]} Be6 {[%emt 0:04:29]} 10. h3 {[%emt 0:04:04]} h6 {[%emt 0:01:26]} 11. Qa4 {[%emt 0:06:17]} a6 {[%emt 0:07:14]} 12. Bc6 {[%emt 0:02:55]} Nxc6 {[%emt 0:03:42]} 13. Qxc6 {[%emt 0:00:16]} Ra7 {[%emt 0:00:56]} 14. Bxf6 {[%emt 0:03:54]} Bxf6 {[%emt 0:00:43]} 15. Nf3 {[%emt 0:01:37]} Kg8 {[%emt 0:01:22]} 16. O-O {[%emt 0:03:07]} Kh7 {[%emt 0:01:25]} 17. e4 {[%emt 0:01:40]} dxe4 {[%emt 0:01:59]} 18. Nxe4 {[%emt 0:00:48]} Be7 {[%emt 0:01:03]} 19. Rfd1 {[%emt 0:14:13]} Qd5 {[%emt 0:04:16]} 20. Ne5 {[%emt 0:01:37]} Rb7 {[%emt 0:12:43]} 21. Qc2 {[%emt 0:05:01]} f5 {[%emt 0:05:09]} 22. Ng3 {[%emt 0:05:49]} Rf8 {[%emt 0:02:09]} 23. Ne2 {[%emt 0:01:02]} Bg5 {[%emt 0:04:00]} 24. h4 {[%emt 0:00:47]} Bxh4 {[%emt 0:05:30]} 25. Nf4 {[%emt 0:00:14]} Qd6 {[%emt 0:01:00]} 26. Nfg6 {[%emt 0:00:26]} Bf6 {[%emt 0:01:19]} 27. Nxf8+ {[%emt 0:00:17]} Qxf8 {[%emt 0:00:06]} 28. Qc6 {[%emt 0:00:39]} Qc8 {[%emt 0:00:45]} 29. d5 {[%emt 0:00:49]} Bxe5 {[%emt 0:01:04]} 30. dxe6 {[%emt 0:00:31]} Bxb2 {[%emt 0:01:15]} 31. e7 {[%emt 0:00:36]} Rb8 {[%emt 0:00:56]} 32. Rd8 {[%emt 0:00:35]} 1-0

[Event "CZE-ch U12 2020"]
[Site "Kouty nad Desnou"]
[Date "2020.03.07"]
[Round "1.9"]
[White "Sigut, Ondrej"]
[Black "Veverka, Vladimir"]
[Result "0-1"]
[WhiteElo "1274"]
[BlackElo "1656"]
[Annotator "NA RC"]
[PlyCount "56"]
[EventDate "2020.03.07"]
[EventCountry "CZE"]
[SourceTitle "playchess.com"]
[Source "ChessBase"]
[SourceQuality "1"]
[TimeControl "5400+30"]

1. e4 {[%emt 0:00:00]} e6 {[%emt 0:00:00]} 2. d4 {[%emt 0:00:00]} d5 {[%emt 0:00:04]} 3. e5 {[%emt 0:00:00]} c5 {[%emt 0:00:36]} 4. c3 {[%emt 0:00:33]} Nc6 {[%emt 0:00:22]} 5. Nf3 {[%emt 0:00:10]} Qb6 {[%emt 0:00:35]} 6. a3 {[%emt 0:01:40]} a5 {[%emt 0:00:25]} 7. Be2 {[%emt 0:01:27]} cxd4 {[%emt 0:01:22]} 8. cxd4 {[%emt 0:01:26]} Nge7 {[%emt 0:00:27]} 9. b3 {[%emt 0:04:09]} Nf5 {[%emt 0:03:12]} 10. Bb2 {[%emt 0:01:42]} Bd7 {[%emt 0:02:31]} 11. O-O {[%emt 0:01:52]} Be7 {[%emt 0:02:26]} 12. h3 {[%emt 0:11:24]} O-O {[%emt 0:03:49]} 13. g4 {[%emt 0:04:54]} Nh4 {[%emt 0:02:12]} 14. Kh1 {[%emt 0:01:49]} Nxf3 {[%emt 0:02:50]} 15. Bxf3 {[%emt 0:01:00]} f6 {[%emt 0:08:13]} 16. Kg2 {[%emt 0:07:28]} Rac8 {[%emt 0:10:03]} 17. Re1 {[%emt 0:06:44]} fxe5 {[%emt 0:21:23]} 18. dxe5 {[%emt 0:05:16]} Bh4 {[%emt 0:02:07]} 19. Re2 {[%emt 0:07:57]} Rxf3 {[%emt 0:14:15]} 20. Kxf3 {[%emt 0:05:09]} Rf8+ {[%emt 0:00:36]} 21. Kg2 {[%emt 0:00:18]} Rxf2+ {[%emt 0:00:28]} 22. Kh1 {[%emt 0:04:32]} Rxe2 {[%emt 0:02:42]} 23. Qxe2 {[%emt 0:01:29]} Qxb3 {[%emt 0:02:18]} 24. Qg2 {[%emt 0:03:03]} d4 {[%emt 0:05:52]} 25. a4 {[%emt 0:05:33]} Nxe5 {[%emt 0:03:22]} 26. Ra3 {[%emt 0:04:33]} Qd1+ {[%emt 0:02:29]} 27. Kh2 {[%emt 0:04:51]} Bc6 {[%emt 0:02:45]} 28. Nc3 {[%emt 0:07:56]} Nf3+ {[%emt 0:01:16]} 0-1